Nové daně a cestovní ruch.

Skúmanie vplyvu novej daňovej sústavy na budúce hospodárenie cestovných kancelárií. Dôsledky zavedenia priamych daní na ekonomiku firiem, ktorých majiteľom je fyzická osoba nezapísaná do obchodného registra a fyzická osoba zapísaná do obchodného registra; na ekonomiku verejnej obchodnej spoločnosti,...

ver descrição completa

Na minha lista:
Detalhes bibliográficos
Autor principal: Vágner, I.
Formato: Capítulo de Livro
Idioma:tcheco
Assuntos:
Tags: Adicionar Tag
Sem tags, seja o primeiro a adicionar uma tag!

MARC

LEADER 00000naa a2200000 4500
001 r011613
005 20220826093453.6
041 0 |a cze 
044 |a [CS] 
245 1 0 |a Nové daně a cestovní ruch.  |c I. Vágner 
520 |a Skúmanie vplyvu novej daňovej sústavy na budúce hospodárenie cestovných kancelárií. Dôsledky zavedenia priamych daní na ekonomiku firiem, ktorých majiteľom je fyzická osoba nezapísaná do obchodného registra a fyzická osoba zapísaná do obchodného registra; na ekonomiku verejnej obchodnej spoločnosti, spoločnosti s ručením obmedzeným a komanditnej spoločnosti. Dopad prechodu na nepriame zdanenie daňou z pridanej hodnoty na cestovné kancelárie a na ceny zájazdov. Príklad kalkulácie ceny zájazdov. 
610 2 0 |a ruch cestovný 
610 2 0 |a kancelárie cestovné 
610 2 0 |a sústava daňová 
610 2 0 |a dane priame 
610 2 0 |a dane nepriame 
610 2 0 |a dane z hodnoty pridanej 
610 2 0 |a ceny 
610 2 0 |a kalkulácia cenová 
100 1 |a Vágner, I.